000 01099naa a22003257a 4500
001 BR8204233
003 BR-BrBNA
005 20250721143207.0
007 ta
008 250630b bl.|||m| |||| 00| 0 por d
040 _aBR-BrBNA
_bpor
_cBiblioteca Nacional de Agricultura
041 _a(Pt)
072 _aF27; P12
_b0180
_b0120
_b0170
_b1410
_b0150
_bG514
090 _aF27 BR8204233
100 1 _aRodriguez, F.A.
245 1 _aIrrigacao de graos [custo de producao, Brasil]
500 _aPROVARZEAS Nacional. 1 hectare vale por dez Brasilia, DF (Brasil): 1982. p. 139-145 [7 ref.] (BR8204233-AMS)
773 0 _tPROVARZEAS Nacional. 1 hectare vale por dez
_wF27 BR8204233
_gBrasilia, DF (Brasil), 1982. p. 139-145
650 _aTRIGO
650 _aMILHO
650 _aSORGO
650 _aFEIJAO
650 _aARROZ
650 _aCUSTO DE PRODUCAO
650 _aIRRIGACAO
650 _aCULTURA IRRIGADA
490 _aInformacao Tecnica - Programa Nacional para Aproveitamento de Varzeas Irrigaveis (Brazil)
_vno. 2
942 _cAMS
_2AGRIS
909 _a202506
_bLúcia
_c55
_dLúcia Elande
999 _c334269
_d334269